000 01002nam0a22002651 4500
001 rc\4892951
005 20260406090031.0
021 _aRU
_bВП-97-4506/20
035 _a(NLR Aleph) 008830751
090 _a8280760
_c8280760
100 _a20130426d1963 |||y0rusy50 ca
101 0 _arus
102 _aRU
105 _ay z |||||
200 1 _aОтчет о командировке во Францию
_fАкад. наук СССР. Всесоюз. ин-т науч. и техн. информации
210 _aМосква
_cБ. и.
_d1963
215 _a8 с.
_d29
700 1 _4070
_7ca
_8rus
_aЮшкевич
_bА. П.
_cд-р физ.-мат. наук
_f1906-1993
_gАдольф Павлович
_3RU\NLR\AUTH\770280587
_92652554
701 1 _4070
_7ca
_8rus
_aГригорьян
_bА.Т.
_f1910-1997
_gАшот Тигранович
_92641297
_3RU\NLR\AUTH\770273067
801 0 _aRU
_bNLR
_gpsbo
801 1 _aRU
_bELAR
_2rusmarc
852 _aNLR
_j63-8/1839
942 _cBOOK
980 _aNB